Geographia Technica an International Journal for the Progress of Scientific Geography

Salvato in:
Dettagli Bibliografici
Natura: Periodico
Lingua:inglese
Pubblicazione: Cluj Cluj University Press
Tags: Aggiungi Tag
Nessun Tag, puoi essere il primo ad aggiungerne!!

MARC

LEADER 00000nas1a2200000 4500
001 0269984
005 20250701092120.2
022 |a 2065-4421 
022 |a 1842-5135 
041 0 |a eng 
044 |a RO 
245 1 0 |a Geographia Technica  |b an International Journal for the Progress of Scientific Geography 
264 1 |a Cluj  |b Cluj University Press